| 000 | 00855nam a2200253 a 4500 | ||
|---|---|---|---|
| 003 | MX-MxUPN | ||
| 005 | 20250910144537.0 | ||
| 008 | 250901t2025 mx||||||r|||| 000 0 spa d | ||
| 020 | _a9786078817665 | ||
| 040 |
_aMX-MxUPN _bspa _cMX-MxUPN |
||
| 041 | 0 | _aspa | |
| 050 | 1 | 4 |
_aJF1525 P6 _bD43 2025 |
| 245 | 0 | 0 | _aDebates emergentes sobre administración y políticas públicas |
| 250 | _aPrimera edición. | ||
| 260 |
_aCiudad de México : _bFacultad Latinoamericana de Ciencias Sociales, _c©2025 |
||
| 300 | _a403 páginas | ||
| 650 | 4 |
_aPlanificación política _91758 |
|
| 650 | 4 |
_aAdministración pública _9637 |
|
| 700 | 1 |
_aDussauge Laguna, Mauricio I. _957724 _eedición |
|
| 700 | 1 |
_aCasas Benítez, Alberto _957725 _eedición |
|
| 902 |
_aMarisolLicea/29082025 _bVíctor Ruiz/100925 |
||
| 942 |
_2lcc _cLIBRO _n0 |
||
| 999 |
_c213918 _d213918 |
||